000 00818nas a2200265 4500
001 BR0400574
003 BR-BrBNA
005 20231205104308.0
007 ta
008 230509b bl.|||p| |||| 00| 00por d
040 _aBR-BrBNA
_bpor
_cBiblioteca Nacional de Agricultura
041 _a(Pt)
072 _aF30
100 1 _aBressiani, J.A.
100 1 _aVencovsky, R.
100 1 _aBurnquist, W.L.
245 1 _aInteração entre famílias de cana-de-açúcar e locais: efeito na resposta esperada com a seleção
650 _aCANA DE AÇÚCAR
650 _aSELEÇÃO
650 _aCRUZAMENTO
650 _aMELHORAMENTO GENÉTICO VEGETAL
773 0 _tBragantia (Brazil)
_xISSN 0006-8705
_g(Jan-Apr 2002), v. 61(1) p. 1-10
_wBR0400574
909 _a202311
_bLúcia
_c55
_dLúcia Elande
942 _2AGRIS
_n0
_cANA
999 _c177405
_d177405